La censura de cuentas (Record no. 121936)

MARC details
000 -LEADER
campo de control de longitud fija 00814nam a2200205 4500
001 - NÚMERO DE CONTROL
campo de control 121936
003 - IDENTIFICADOR DE NÚMERO DE CONTROL
campo de control ES-MaACL
007 - CAMPO FIJO DE DESCRIPCIÓN FÍSICA--INFORMACIÓN GENERAL
campo de control de longitud fija t|
008 - DATOS DE LONGITUD FIJA--INFORMACIÓN GENERAL
campo de control de longitud fija 070214s1985 sp r ||||1| spa d
100 1# - ENTRADA PRINCIPAL--NOMBRE DE PERSONA
Nombre de persona Poch y Torres, Ramón.
9 (RLIN) 92702
245 13 - MENCIÓN DEL TÍTULO
Título La censura de cuentas
Resto del título : manual básico de auditoría /
Mención de responsabilidad, etc. por Ramón Poch y Torres ; prólogo del Dr. Roberto García Cairó.
250 ## - MENCION DE EDICION
Mención de edición 4ª ed. act.
260 ## - PUBLICACIÓN, DISTRIBUCIÓN, ETC.
Lugar de publicación, distribución, etc. Barcelona :
Nombre del editor, distribuidor, etc. Ed. Hispano-Europea,
Fecha de publicación, distribución, etc. 1985.
300 ## - DESCRIPCIÓN FÍSICA
Extensión XXVIII, 394 p.
490 1# - MENCIÓN DE SERIE
Mención de serie Biblioteca de Dirección, organización y administración de empresas . Técnicas administrativas
700 1# - ENTRADA AGREGADA--NOMBRE PERSONAL
Nombre de persona García Cairo, Roberto.
9 (RLIN) 186545
830 00 - PUNTO DE ACCESO ADICIONAL DE SERIE-TÍTULO UNIFORME
Título uniforme Biblioteca de dirección, organización y administración de empresas
9 (RLIN) 183673
852 ## - LOCALIZACIÓN
Ubicación ES-MaACL
Número de control de estantería L-8181
Sublocalización o colección R.108764
Holdings
Estatus retirado Estado de pérdida Estado de daño No para préstamo Biblioteca de origen Biblioteca actual Ubicación en estantería Fecha de adquisición Fuente de adquisición Total de préstamos Signatura topográfica completa Código de barras Visto por última vez Precio de reemplazo Tipo de ítem Koha
        Biblioteca del Ateneo de Madrid Biblioteca del Ateneo de Madrid Depósito 2 17/01/2008     L-8181 1127072 23/02/2023 23/02/2023 Libro impreso